000 00991nam a2200253 a 4500
001 000014171
005 20200929163514.0
008 091207s2002 dr a 000 0 spa d
040 _aDO-SdBNP
_bspa
_cBNPHU
082 _a338.4791
_bE19p
245 0 0 _aEcoturismo :
_bpropuesta tecnológica /
_ccoordinador Luis Arias; prólogo Jesús Moreno Portalatín, David Arias Canela.
260 _aSanto Domingo :
_bCAD,
_c2002.
300 _a84 p. :
_bil. ;
_c28 cm.
504 _aBibiografía: p. 81-84
500 _aIncluye referencias bibliográficas y notas al pie de las páginas
590 _aInventariado,2018/DG
650 4 _aTurismo ecológico
_zRepública Dominicana
_96951
650 4 _aTurismo
_zRepública Dominicana
_98433
650 4 _aPolitíca de turismo
_zRepública Dominicana
_932022
700 1 2 _aArias, Luis
_ecoor.
_932023
700 1 2 _aPortalatín, Jesús Moreno
_epról.
_99537
710 2 _aConsorcio Ambiental Dominicano
_99538
910 _aValidado. Control de calidad MFF
999 _c13772
_d13772